Development communication sourcebook : Broadening the boundaries of communication
This Sourcebook highlights how the scope and application of communication in the development context are broadening to include a more dialogic approach, one that facilitates assessment of risks and opportunities, prevents problems and conflicts, and enhances the results and sustainability of project...
Đã lưu trong:
| 主要作者: | |
|---|---|
| 格式: | 圖書 |
| 語言: | Undetermined |
| 出版: |
Washington, DC
World bank
2008
|
| 主題: | |
| 標簽: |
添加標簽
沒有標簽, 成為第一個標記此記錄!
|
| Thư viện lưu trữ: | Trung tâm Học liệu Trường Đại học Cần Thơ |
|---|
| LEADER | 01319nam a2200229Ia 4500 | ||
|---|---|---|---|
| 001 | CTU_160662 | ||
| 008 | 210402s9999 xx 000 0 und d | ||
| 020 | |c 693000 | ||
| 082 | |a 338.90014 | ||
| 082 | |b M494 | ||
| 100 | |a Mefalopulos, Paolo | ||
| 245 | 0 | |a Development communication sourcebook : | |
| 245 | 0 | |b Broadening the boundaries of communication | |
| 245 | 0 | |c Paolo Mefalopulos | |
| 260 | |a Washington, DC | ||
| 260 | |b World bank | ||
| 260 | |c 2008 | ||
| 520 | |a This Sourcebook highlights how the scope and application of communication in the development context are broadening to include a more dialogic approach, one that facilitates assessment of risks and opportunities, prevents problems and conflicts, and enhances the results and sustainability of projects when implemented at the very beginning of an initiative. The book presents basic concepts and explains key challenges faced in daily practice. Each of the four modules is self-contained, with examples, toolboxes and much more. | ||
| 650 | |a Community development,Economic development,Trung tâm Học liệu ĐHCT,Phát triển kinh tế | ||
| 650 | |x Social aspects,Phát triển cộng đồng,Khía cạnh xã hội | ||
| 904 | |i Thạch, Trọng Hiếu | ||
| 980 | |a Trung tâm Học liệu Trường Đại học Cần Thơ | ||